000 00724nam a2200253Ia 4500
003 OSt
005 20220925231708.0
006 a|||||r|||| 00| 0
007 ta
008 220923b |||||||| |||| 00| 0 eng d
020 _a0719006015
037 _cGeneral Book
040 _aRTL
_cRTL
_beng
041 _2eng
_aeng
082 _aY48, L5
100 _aCohen Anthony P
_9290199
245 0 _aManagement of myths
_b The politics of legilimation in a Newfoundland community
260 _aManchester
_bUniversity Press
_c1975
300 _aviii, 146p
_ccm.
500 _aBibliography: P 132-41
650 _aElites
942 _hY48, L5
_cGB
_2CC
999 _c589166
_d589166